مبادئ القياس و التقويم في التربية / (رقم التسجيلة. 52761)
[ عرض عادي ]
| 000 -LEADER | |
|---|---|
| fixed length control field | 00720nam a22002177a 4500 |
| 005 - DATE AND TIME OF LATEST TRANSACTION | |
| control field | 20251108170938.0 |
| 008 - FIXED-LENGTH DATA ELEMENTS--GENERAL INFORMATION | |
| fixed length control field | 250721s1999 xx 000 0 ara d |
| 082 14 - DEWEY DECIMAL CLASSIFICATION NUMBER | |
| Classification number | ط/370.78/ظاه |
| 100 1# - MAIN ENTRY--PERSONAL NAME | |
| Personal name | الظاهر، زكريا محمد |
| 245 10 - TITLE STATEMENT | |
| Title | مبادئ القياس و التقويم في التربية / |
| 264 1# - PRODUCTION, PUBLICATION, DISTRIBUTION, MANUFACTURE, AND COPYRIGHT NOTICE | |
| Place of production, publication, distribution, manufacture | عمان : |
| Name of producer, publisher, distributor, manufacturer | مكتبة دار الثقافة للنشر و التوزيع، |
| Date of production, publication, distribution, manufacture, or copyright notice | 1999. |
| 300 ## - PHYSICAL DESCRIPTION | |
| Extent | 208ص |
| 650 17 - SUBJECT ADDED ENTRY--TOPICAL TERM | |
| Topical term or geographic name as entry element | التربية |
| 650 17 - SUBJECT ADDED ENTRY--TOPICAL TERM | |
| Topical term or geographic name as entry element | البحث |
| 650 17 - SUBJECT ADDED ENTRY--TOPICAL TERM | |
| Topical term or geographic name as entry element | التخطيط التربوي |
| 650 17 - SUBJECT ADDED ENTRY--TOPICAL TERM | |
| Topical term or geographic name as entry element | التقويم التربوي |
| 700 1# - ADDED ENTRY--PERSONAL NAME | |
| Personal name | تمرجيان، جاكلين |
| 700 1# - ADDED ENTRY--PERSONAL NAME | |
| Personal name | عبد الهادي، جودت عزت |
| 942 ## - ADDED ENTRY ELEMENTS (KOHA) | |
| Source of classification or shelving scheme | Dewey Decimal Classification |
| Koha item type | كتب |
| حالة السحب | حالة الفقدان | مصدر التصنيف | حالة التلف | غير قابل للإعارة | المكتبة الرئيسية | المكتبة الحالية | موقع الرف | تاريخ التزويد | الرقم المتسلسل | Total Checkouts | رقم الإستدعاء | الباركود | تاريخ آخر ظهور | تاريخ الفاتورة | نوع المادة (كوها) |
|---|---|---|---|---|---|---|---|---|---|---|---|---|---|---|---|
| Dewey Decimal Classification | مكتبة الأميرة سلمى | مكتبة الأميرة سلمى | الأطفال | 23/06/2015 | 1464918 | ط/370.78/ظاه | PLD00333451 | 28/07/2025 | 23/06/2015 | كتب | |||||
| Dewey Decimal Classification | مكتبة الراية الهاشمية للأطفال | مكتبة الراية الهاشمية للأطفال | الأطفال | 06/07/2004 | 295012 | ط/370.78/ظاه | 295012 | 28/07/2025 | 06/07/2004 | كتب | |||||
| Dewey Decimal Classification | مكتبة بدر للأطفال | مكتبة بدر للأطفال | الأطفال | 25/08/2022 | 268779 | ط/370.78/ظاه | PLD00500301 | 28/07/2025 | 25/08/2022 | كتب | |||||
| Dewey Decimal Classification | مكتبة صويلح العامة | مكتبة صويلح العامة | الإعارة | 05/05/2019 | {8570} | ط/370.78/ظاه | PLD00452350 | 28/07/2025 | 05/05/2019 | كتب | |||||
| Dewey Decimal Classification | مكتبة صويلح العامة | مكتبة صويلح العامة | الإعارة | 06/05/2019 | 538415 | ط/370.78/ظاه | PLD00452369 | 28/07/2025 | 06/05/2019 | كتب |